| 000 | 00489nam a2200193Ia 4500 | ||
|---|---|---|---|
| 001 | 69127 | ||
| 008 | 151103s9999||||xx |||||||||||||| ||und|| | ||
| 020 | _a8180619311 | ||
| 040 | _cPK-LaUMT | ||
| 082 |
_a 613.7 _bLIP-C |
||
| 100 | _aLippert, Lynn S. | ||
| 245 |
_aClinical kinesiology and anatomy _cLippert, Lynn S. |
||
| 250 | _a4th | ||
| 260 |
_aNew Delhi,India: _bJaypee Brothers Medical Publishers, _c1915 |
||
| 300 | _a351 p. | ||
| 546 | _aEN | ||
| 650 | _aAnalomy | ||
| 942 | _cBK | ||
| 999 |
_c78147 _d78147 |
||